000 00545 a2200145 4500
040 _aDLC
_bDLC
082 _a519.5
100 _aLipschutz, Seymour.
245 _aSchaum's outline of theory and problems of introduction to probability and statistics
_cSeymour, Lipschutz.
260 _aIslamabad :
_b National Book Foundation.
_c2000.
300 _avi, 370 p. :
_bill. ;
_c 28 cm.
500 _aIncludes Index
650 _a1.Probabilities--Problems, exercises, etc.2.Mathematical statistics--Problems, exercises, etc.
942 _cBK
_k519.5 LIP
_2ddc
999 _c7524
_d7524